Waves - Kanye West (All Lyrics) - Statistics

General Stats
  • This quiz has been taken 15 times
  • The average score is 166 of 246
Answer Stats
Hint Answer % Correct
I
100%
the
100%
The
100%
wave
100%
[Chris Brown] | [Chrous] Waves
100%
a
92%
in
92%
it
92%
And
85%
die
85%
die,
85%
[Chris Brown] | [Kanye West] | [Theophilus London] don't
85%
don't,
85%
me
85%
up!
85%
[Kanye West] up
85%
up!)
85%
bitch
77%
I'm
77%
just
77%
Let
77%
on
77%
one
77%
this
77%
you
77%
You
77%
your
77%
be
69%
lie
69%
like
69%
moment
69%
No
69%
she
69%
She
69%
That's
69%
to
69%
[Intro] Turn
69%
(Turn
69%
wanna
69%
when
69%
can't
62%
crash
62%
for
62%
grabbin'
62%
here
62%
if
62%
my,
62%
see
62%
[Verse 1] Step
62%
Yeah,
62%
[Chorus] (Yeah)
62%
(Yeah,
62%
yeah,
62%
yeah)
62%
yeah
62%
ain't
54%
baby
54%
Baby,
54%
baby,
54%
fistfight
54%
fit
54%
go
54%
shit
54%
Bird
46%
cage,
46%
fly
46%
lose
46%
morning
46%
need
46%
own
46%
right
46%
scared
46%
shade,
46%
shine
46%
[Verse 2] Sun
46%
talkin'
46%
oh,
38%
away,
31%
away
31%
feelings
31%
gon'
31%
it'll
31%
Ooh,
31%
ooh,
31%
still
31%
Even
23%
(Real
23%
really
23%
set
23%
fire
15%
night
15%
somebody
15%
babe,
8%
badmon!)
0%
ting
0%
ugh
0%
No matching quizzes found
Score Distribution
Percent of People with Each Score
Percentile by Number Answered
Your Score History
You have not taken this quiz